[Event "NRW Class2 0405"]
[Site "Germany"]
[Date "2004.11.23"]
[Round "3.8"]
[White "Kaeding, Rainer"]
[Black "Grinis, Yevgen"]
[Result "0-1"]
[WhiteElo "2180"]
[BlackElo "2098"]
[PlyCount "102"]
[EventDate "2004.10.10"]
[EventType "team"]
[EventRounds "9"]
[EventCountry "GER"]
[SourceTitle "EXT 2006"]
[Source "ChessBase"]
[SourceDate "2005.11.24"]
[SourceVersion "1"]
[SourceVersionDate "2005.11.24"]
[SourceQuality "1"]
[WhiteTeam "Castrop Rauxel"]
[BlackTeam "Duesseldorf"]
[WhiteTeamCountry "GER"]
[BlackTeamCountry "GER"]

1. e4 d5 2. exd5 Qxd5 3. Nc3 Qa5 4. Bc4 Nf6 5. d3 Bg4 6. f3 Bh5 7. Bd2 c6 8. Qe2 Bg6 9. g4 h5 10. g5 Nfd7 11. Nh3 Bf5 12. Nb5 Qxd2+ 13. Kxd2 cxb5 14. Bd5 Nc6 15. Bxc6 bxc6 16. Nf2 e6 17. Ne4 Be7 18. h4 0-0 19. Rae1 Rfd8 20. Kc1 g6 21. Ng3 Bd6 22. Nxf5 exf5 23. d4 Nb6 24. c3 Bg3 25. Rd1 Re8 26. Qg2 f4 27. Rd3 Re7 28. b3 Rae8 29. Rd2 Nd5 30. Kb2 Ne3 31. Qh3 Nf5 32. Rc1 Nxh4 33. Qf1 Re3 34. c4 Nxf3 35. Rdd1 b4 36. d5 c5 37. d6 Nxg5 38. d7 Rd8 39. Rd3 Ne6 40. Rcd1 Bh4 41. Rxe3 fxe3 42. Qf3 Bf2 43. Rd6 Nf8 44. Kc2 Rxd7 45. Rxd7 Nxd7 46. Kd1 Nf8 47. Qa8 Kg7 48. Qe4 Ne6 49. Qe5+ Kh7 50. Qf6 Kg8 51. Qe5 Nd4 0-1

[Event "NRW Class2 0304"]
[Site "Germany"]
[Date "2003.09.28"]
[Round "1.5"]
[White "Tomic, Bosko"]
[Black "Grinis, Yevgen"]
[Result "1-0"]
[WhiteElo "2259"]
[BlackElo "2100"]
[PlyCount "93"]
[EventDate "2003.09.28"]
[EventType "team"]
[EventRounds "9"]
[EventCountry "GER"]
[SourceTitle "CBM 098 Extra"]
[Source "ChessBase"]
[SourceDate "2004.03.10"]
[SourceVersion "2"]
[SourceVersionDate "2004.03.10"]
[SourceQuality "1"]
[WhiteTeam "Gerresheim"]
[BlackTeam "Duesseldorf"]
[WhiteTeamCountry "GER"]
[BlackTeamCountry "GER"]

1. e4 Nf6 2. e5 Nd5 3. c4 Nb6 4. c5 Nd5 5. Bc4 e6 6. Nc3 c6 7. Ne4 b6 8. Nd6+ Bxd6 9. cxd6 0-0 10. Qg4 f5 11. Qg3 Kh8 12. h4 Ba6 13. d3 Nb4 14. Kd1 b5 15. Bb3 c5 16. a3 N4c6 17. h5 Nd4 18. h6 g6 19. Bg5 Qa5 20. Bc2 Nbc6 21. Bf6+ Rxf6 22. exf6 Nxc2 23. Kxc2 Qa4+ 24. Kd2 f4 25. Qg5 Qd4 26. Kc1 Rf8 27. Nf3 Qxd6 28. Re1 Na5 29. Ne5 Nb3+ 30. Kb1 Kg8 31. Qxf4 Rf7 32. g4 Bb7 33. g5 a5 34. Qe3 Rf8 35. Qf4 Rf7 36. Re3 a4 37. f3 Nd4 38. Nxg6 Qxf4 39. Nxf4 Bxf3 40. Ka2 d6 41. Rxf3 Nxf3 42. Nxe6 Rd7 43. Rf1 Kf7 44. Rxf3 Kxe6 45. Re3+ Kf7 46. Re7+ Rxe7 47. fxe7 1-0

[Event "Oberliga NRW 0203 I"]
[Site "Germany"]
[Date "2003.03.23"]
[Round "7.7"]
[White "Himmel, Hansjoerg"]
[Black "Grinis, Yevgen"]
[Result "1-0"]
[WhiteElo "2238"]
[BlackElo "2124"]
[PlyCount "59"]
[EventDate "2002.10.06"]
[EventType "team"]
[EventRounds "9"]
[EventCountry "GER"]
[SourceTitle "EXT 2004"]
[Source "ChessBase"]
[SourceDate "2003.11.25"]
[SourceVersion "1"]
[SourceVersionDate "2003.11.25"]
[SourceQuality "1"]
[WhiteTeam "Dortmund Hansa"]
[BlackTeam "Duesseldorf"]
[WhiteTeamCountry "GER"]
[BlackTeamCountry "GER"]

1. e4 d5 2. exd5 Qxd5 3. Nc3 Qa5 4. g3 Nf6 5. Bg2 c6 6. h3 Bf5 7. Nge2 e5 8. 0-0 Bd6 9. d3 0-0 10. a3 Nbd7 11. g4 Be6 12. Bd2 Qb6 13. Rb1 Rfe8 14. Ng3 Rad8 15. Kh2 Qc7 16. Nge4 Nxe4 17. Nxe4 Bf8 18. f4 exf4 19. Bxf4 Qb6 20. Ng5 Ba2 21. Ra1 Qxb2 22. Bc7 Rc8 23. Bg3 f6 24. Ne4 Nb6 25. c4 Bb3 26. Qf3 Qd4 27. g5 Nd7 28. Qg4 Be7 29. Nxf6+ Bxf6 30. gxf6 1-0

[Event "Oberliga NRW 0001 II"]
[Site "NRW"]
[Date "2001.04.22"]
[Round "8.5"]
[White "Grinis, Yevgen"]
[Black "Wisskirchen, Andreas"]
[Result "0-1"]
[WhiteElo "2204"]
[BlackElo "2267"]
[PlyCount "86"]
[EventDate "2000.09.24"]
[EventType "team"]
[EventRounds "9"]
[EventCountry "GER"]
[SourceTitle "EXT 2006"]
[Source "ChessBase"]
[SourceDate "2005.11.24"]
[SourceVersion "1"]
[SourceVersionDate "2005.11.24"]
[SourceQuality "1"]
[WhiteTeam "Duesseldorf"]
[BlackTeam "Koeln SF"]
[WhiteTeamCountry "GER"]
[BlackTeamCountry "GER"]

1. d4 Nf6 2. c4 g6 3. Nc3 Bg7 4. e4 d6 5. f3 0-0 6. Nge2 Nbd7 7. Bg5 c5 8. Qd2 Qa5 9. d5 a6 10. Ng3 Rb8 11. a4 Re8 12. Be2 Qc7 13. 0-0 b6 14. Rab1 Bb7 15. Bh6 e6 16. Rfc1 exd5 17. cxd5 Qd8 18. Bg5 Qe7 19. Nh1 Rbc8 20. b3 Qf8 21. Nf2 Ne5 22. Be3 h5 23. b4 Ned7 24. bxc5 dxc5 25. h3 Nh7 26. f4 Rcd8 27. Bc4 Kh8 28. Qd3 Ra8 29. Re1 h4 30. e5 g5 31. e6 gxf4 32. Bd2 fxe6 33. dxe6 Ne5 34. Rxe5 Bxe5 35. Rxb6 Qg7 36. Nce4 Rg8 37. Ng4 Bd4+ 38. Kh1 Rab8 39. Nd6 Ng5 40. Bxf4 Bxg2+ 41. Kxg2 Rxb6 42. Nf5 Qb7+ 43. Kf1 Rb1+ 0-1

[Event "Oberliga NRW 0001 II"]
[Site "NRW"]
[Date "2001.02.04"]
[Round "6.5"]
[White "Grinis, Yevgen"]
[Black "Schulenburg, Pit"]
[Result "0-1"]
[WhiteElo "2204"]
[BlackElo "2251"]
[PlyCount "97"]
[EventDate "2000.09.24"]
[EventType "team"]
[EventRounds "9"]
[EventCountry "GER"]
[SourceTitle "EXT 2006"]
[Source "ChessBase"]
[SourceDate "2005.11.24"]
[SourceVersion "1"]
[SourceVersionDate "2005.11.24"]
[SourceQuality "1"]
[WhiteTeam "Duesseldorf"]
[BlackTeam "Brackel"]
[WhiteTeamCountry "GER"]
[BlackTeamCountry "GER"]

1. d4 f5 2. e4 fxe4 3. Nc3 Nf6 4. Bg5 e6 5. Nxe4 Be7 6. Bxf6 Bxf6 7. Nf3 b6 8. Ne5 0-0 9. Bd3 Bxe5 10. dxe5 Qh4 11. g3 Qh6 12. Qd2 Qxd2+ 13. Kxd2 Ba6 14. Bxa6 Nxa6 15. f4 Nc5 16. Ke3 Nxe4 17. Kxe4 Kf7 18. Rad1 Ke7 19. Rd3 d5+ 20. exd6+ cxd6 21. Rhd1 d5+ 22. Kd4 Rac8 23. Rc3 Kd6 24. Rd2 Rxc3 25. Kxc3 h6 26. h4 a5 27. Re2 g5 28. hxg5 hxg5 29. Rf2 Rh8 30. Kd2 Rh3 31. Rg2 a4 32. Ke3 a3 33. b3 g4 34. Kd3 Rh1 35. c4 Rd1+ 36. Kc2 Rf1 37. Kc3 Kc5 38. cxd5 Rf3+ 39. Kc2 Kxd5 40. Kd2 Kd4 41. Kc2 Rc3+ 42. Kd2 b5 43. Rg1 b4 44. Rg2 Rf3 45. Ke2 Kc3 46. Ke1 Rd3 47. Re2 Rxg3 48. Rxe6 Rf3 49. Re2 0-1

[Event "Oberliga NRW 9900 I"]
[Site "Germany"]
[Date "1999.10.26"]
[Round "1.5"]
[White "Grinis, Yevgen"]
[Black "Fridman, Rafael"]
[Result "0-1"]
[WhiteElo "2137"]
[BlackElo "2295"]
[PlyCount "176"]
[EventDate "1999.10.26"]
[EventType "team"]
[EventRounds "9"]
[EventCountry "GER"]
[SourceTitle "EXT 2001"]
[Source "ChessBase"]
[SourceDate "2000.11.22"]
[SourceVersion "1"]
[SourceVersionDate "2000.11.22"]
[SourceQuality "1"]
[WhiteTeam "Duesseldorf"]
[BlackTeam "Essen Borbeck"]
[WhiteTeamCountry "GER"]
[BlackTeamCountry "GER"]

1. d4 d6 2. c4 e5 3. e3 Be7 4. Nf3 e4 5. Nfd2 f5 6. g4 Bh4 7. Bg2 Nf6 8. gxf5 Bxf5 9. Nc3 Qe7 10. 0-0 Nc6 11. f3 0-0 12. Ndxe4 Nxe4 13. fxe4 Bg6 14. Rf4 Bg5 15. Nd5 Qe6 16. Qg4 Qxg4 17. Rxg4 Bd8 18. Bd2 a5 19. Rf1 Re8 20. a4 Rc8 21. b3 b6 22. h4 Bf7 23. Rgf4 Be6 24. Kh2 Ne7 25. Nxe7+ Bxe7 26. d5 Bd7 27. Bc3 Bf8 28. Rf7 Bg4 29. R7f2 Re7 30. Kg3 h5 31. Bd4 Rce8 32. Rc1 Rf7 33. Rf4 Be7 34. Bh3 Bxh3 35. Kxh3 Bf6 36. Rcf1 Ref8 37. Rf5 Be5 38. Bxe5 dxe5 39. Rxf7 Rxf7 40. Rf5 Rxf5 41. exf5 Kf7 42. Kg3 Kf6 43. e4 Ke7 44. Kf3 Kd6 45. Ke3 c5 46. dxc6 Kxc6 47. Kd3 Kd6 48. Kd2 Kc6 49. Kc2 Kd6 50. Kb2 Kc6 51. Kc2 Kd6 52. Kd3 Kc6 53. Kd2 Kd6 54. Kc3 Kc5 55. b4+ axb4+ 56. Kb3 Kd4 57. Kxb4 Kxe4 58. c5 bxc5+ 59. Kc4 Kf3 60. a5 e4 61. a6 e3 62. a7 e2 63. a8Q+ Kf2 64. Qe8 e1Q 65. Qxh5 Qb4+ 66. Kd5 Qd4+ 67. Kc6 c4 68. f6 Qxf6+ 69. Kb5 c3 70. Qc5+ Kg3 71. h5 Kg4 72. Kb4 Qf4+ 73. Kb3 Qd2 74. Qg1+ Kxh5 75. Qxg7 Qd1+ 76. Ka3 Qa1+ 77. Kb3 Qb2+ 78. Ka4 Kh4 79. Ka5 Qa3+ 80. Kb5 Qb3+ 81. Ka5 c2 82. Qd4+ Kg3 83. Qe5+ Kf3 84. Qf5+ Ke2 85. Qe4+ Kd2 86. Qf4+ Qe3 87. Qh2+ Kd1 88. Qh5+ Qe2 0-1

[Event "Oberliga NRW 9899 I"]
[Site "Germany"]
[Date "1999.05.06"]
[Round "9.5"]
[White "Welling, Gerard J"]
[Black "Grinis, Yevgen"]
[Result "1-0"]
[WhiteElo "2335"]
[BlackElo "2207"]
[PlyCount "49"]
[EventDate "1998.10.10"]
[EventType "team"]
[EventRounds "9"]
[EventCountry "GER"]
[SourceTitle "EXT 2000"]
[Source "ChessBase"]
[SourceDate "1999.11.16"]
[SourceVersion "1"]
[SourceVersionDate "1999.11.16"]
[SourceQuality "1"]
[WhiteTeam "Aachen"]
[BlackTeam "Duesseldorf"]
[WhiteTeamCountry "GER"]
[BlackTeamCountry "GER"]

1. e4 d5 2. Nc3 d4 3. Nce2 c5 4. Ng3 a6 5. f4 Qc7 6. Nf3 Qxf4 7. Bc4 Qc7 8. 0-0 e6 9. Ng5 Nh6 10. d3 Bd6 11. Qh5 0-0 12. Nxh7 Kxh7 13. Bxh6 g6 14. Qh4 Rh8 15. e5 Bxe5 16. Rae1 Nc6 17. Rxe5 Nxe5 18. Ne4 Ng4 19. Bf4+ Kg7 20. Qxg4 e5 21. Bxe5+ Qxe5 22. Rxf7+ Kh6 23. Qh4+ Qh5 24. Qf4+ g5 25. Qf6+ 1-0

[Event "Oberliga NRW 9899 I"]
[Site "Germany"]
[Date "1999.03.16"]
[Round "7.5"]
[White "Wengenroth, Walter"]
[Black "Grinis, Yevgen"]
[Result "1/2-1/2"]
[WhiteElo "2140"]
[BlackElo "2207"]
[PlyCount "41"]
[EventDate "1998.10.10"]
[EventType "team"]
[EventRounds "9"]
[EventCountry "GER"]
[SourceTitle "EXT 2000"]
[Source "ChessBase"]
[SourceDate "1999.11.16"]
[SourceVersion "1"]
[SourceVersionDate "1999.11.16"]
[SourceQuality "1"]
[WhiteTeam "Duisburg II"]
[BlackTeam "Duesseldorf"]
[WhiteTeamCountry "GER"]
[BlackTeamCountry "GER"]

1. e4 d5 2. exd5 Qxd5 3. Nc3 Qa5 4. d4 Nf6 5. Bc4 Bf5 6. Nf3 e6 7. Ne5 Nbd7 8. Nxd7 Nxd7 9. 0-0 c6 10. Bf4 Be7 11. Qe2 0-0 12. Ne4 Bxe4 13. Qxe4 Nf6 14. Qe2 Qh5 15. Qxh5 Nxh5 16. Be3 Nf6 17. Rad1 Rfd8 18. Rfe1 Kf8 19. Be2 Rd7 20. Bf3 a5 21. a3 1/2-1/2